Normal view
MARC view
- Peck,W.Charles potter frank
Entry Personal Name
001 - CONTROL NUMBER
- control field: 130483
003 - CONTROL NUMBER IDENTIFIER
- control field: NUST
005 - DATE AND TIME OF LATEST TRANSACTION
- control field: 20250918143805.0
008 - FIXED-LENGTH DATA ELEMENTS
- fixed length control field: 250918|| aca||aabn | a|a d
040 ## - CATALOGING SOURCE
- Original cataloging agency: NUST
- Transcribing agency: NUST
100 ## - HEADING--PERSONAL NAME
- Personal name: Peck,W.Charles potter frank
670 ## - SOURCE DATA FOUND
- Source citation: Work cat.: (NUST): Peck,W.Charles potter frank., Fluid mechanics and thermodynamics & waves /, 1989.
